| 000 | 00561nam a2200241 a 4500 | ||
|---|---|---|---|
| 001 | nice12345678 | ||
| 003 | IN_TiNIC | ||
| 005 | 20260116011505.0 | ||
| 008 | 050524s1959 lona grp 000 0 eng | ||
| 020 |
_a _c402 |
||
| 082 | 0 | 0 |
_a266.00954 _bGRA |
| 100 | _aGrant, John W | ||
| 245 | _aGod`s People in India | ||
| 260 |
_aLondon _bHighway Press _c1959 |
||
| 300 | _a111p | ||
| 500 | _aincludes index and biblioraphy | ||
| 505 | 2 | _aIndex | |
| 650 | _aMissions-India | ||
| 700 | 1 | _aGrant, John W | |
| 902 | _bSRS | ||
| 942 | _cBK | ||
| 999 |
_c2001 _d2001 |
||